02091nam a22003974a 4500001001200000003000800012006001900020007001500039008004100054010001700095020003600112040002100148035002000169050002400189082001700213100003100230245015100261260005600412300003200468504006400500505034100564533015200905610004801057650007201105650006101177650006101238650005201299650004001351651004401391651003401435651003501469655002901504710001701533856012601550999001701676ebr10074321CaPaEBRm u cr cn|||||||||040415s2005 cauab sb s001 0 eng  z 2004008784 z0520208242 (cloth : alk. paper) aCaPaEBRcCaPaEBR a(OCoLC)7077369414aE78.C15bL47 2005eb04a979.4/022221 aLightfoot, Kent G.,d1953-10aIndians, missionaries, and merchantsh[electronic resource] :bthe legacy of colonial encounters on the California frontiers /cKent G. Lightfoot. aBerkeley :bUniversity of California Press,cc2005. axvii, 338 p. :bill., maps. aIncludes bibliographical references (p. 271-318) and index.0 aDimensions and consequences of colonial encounters -- Visions of pre-colonial native California -- Franciscan missions in Alta California -- Native agency in the Franciscan missions -- Russian merchants in California -- Native agency in the Ross Colony -- Missionary and mercantile colonies in California -- The aftermath -- Conclusion. aElectronic reproduction.bPalo Alto, Calif. :cebrary,d2013.nAvailable via World Wide Web.nAccess may be limited to ebrary affiliated libraries.20aFranciscansxMissionszCaliforniaxHistory. 0aIndians of North AmericaxFirst contact with EuropeanszCalifornia. 0aIndians of North AmericaxMissionszCaliforniaxHistory. 0aIndians of North AmericaxCommercezCaliforniaxHistory. 0aFederally recognized Indian tribeszCalifornia. 0aFederal aid to IndianszCalifornia. 0aUnited StatesxPolitics and government. 0aUnited StatesxSocial policy. 0aUnited StatesxRace relations. 7aElectronic books.2local2 aebrary, Inc.40uhttp://site.ebrary.com/lib/rucke/Doc?id=10074321zAn electronic book accessible through the World Wide Web; click to view c45070d45070